000 00500nam a2200181Ia 4500
005 20250326123440.0
008 250326s9999 xx 000 0 und d
037 _aTextbook
040 _aFMSL
_beng
_cFMSL
041 _aeng
_2eng
084 _aX:74 P3
_qFMSL
100 _aDavidson J
_9653289
245 0 _aComplete guide to public speaking
_cDavidson J
260 _aNew Jersey
_bNew Jersey, John Wiley
_c2003
300 _a324p
942 _cTB
_hX:74 P3
999 _c1269408
_d1269408